000 00608nam a2200205Ia 4500
003 GCL
008 140319s9999 xx 000 0 ara d
040 _aGCL /
_cGCL
082 0 4 _a624.17
_bع ن
100 1 _aعبدالفتاح ديوان
245 1 0 _aنظرية الانشاءات /
_cعبدالفتاح ديوان
700 1 _aاحمد فهمى عبدالرحمن
260 _a[S.N] :
_bدار الراتب الجامعية ،
_c1985
300 _a960 ص
490 _a
650 0 4 _aهندسة الانشاءات
650 0 4 _aالانشاءات
650 0 4 _aالبناء
942 _2ddc
_cBK
999 _c30535
_d30535